• 首页
  • 本馆介绍
  • 公告通知
  • 最新文献
  • 馆藏检索
  • 电子资源
  • 读者导购
  • 参考咨询
  • 我的图书馆
  • 登录
  • 详细信息显示
  • 放入我的书架
  • 预约/预借图书
  • 作者相关作品
  • 分类相关作品
  • 丛书相关作品
  • 出版社相关作品

书目信息

  • 表格格式
  • 工作单格式
  • 卡片格式
题名:
严复评传
    
 
作者: 皮后锋 著
分册: 上  
出版信息: 南京   南京大学出版社  2011.4
页数: 314页
开本: 23cm
丛书名: 中国思想家评传丛书
单 册:
中图分类: B256.5
科图分类:
主题词:
电子资源:
ISBN: 978-7-305-06022-9
000 00862oam2 2200265 45
001 512
005 20120531150115.95
010    @a978-7-305-06022-9@dCNY39.00(上下册78.00)
100    @a20120328d2011 em y0chiy50 ea
101 0  @achi@deng@eeng
102    @aCN@b320000
105    @ak z 001yb
106    @ar
200 1  @a严复评传@AYan Fu Ping Chuan@h上@HShang@f皮后锋著@FPi Hou Feng Zhu
210    @a南京@c南京大学出版社@d2011.4
215    @a314页@d23cm
225 2  @a中国思想家评传丛书@e典藏版
330    @a本书简要评述了严复译书启蒙、教育救国的一生,对其参与南北和谈等一系列政治活动作出了新的解释与评价。
461  0 @12001 @a中国思想家评传丛书
600  0 @a严复@f(1853-1921)@x评传
600  0 @a严复@f(1853-1921)
690    @aB256.5@v4
701  0 @a皮后锋@APi Hou Feng@4著
801  0 @aCN@bTSTCL@c20120328
905    @b0814979-81@dB256.5@e51:1@f3
    
    严复评传.上/皮后锋著.-南京:南京大学出版社,2011.4
    314页;23cm.-(中国思想家评传丛书:典藏版)
    
    
    ISBN 978-7-305-06022-9:CNY39.00(上下册78.00)
    本书简要评述了严复译书启蒙、教育救国的一生,对其参与南北和谈等一系列政治活动作出了新的解释与评价。
●
相关链接 在E读中查询图书 在五车中查询图书 在当当中查询图书 在豆瓣中查询图书


正题名:严复评传     索取号:B256.5/51:1         预约/预借

序号 登录号 条形码 馆藏地/架位号 状态 备注
1 0814979   208149797   第一样本阅览室/ [索取号:B256.5/51:1] 在馆    
2 0814980   208149804   第一借阅区/ [索取号:B256.5/51:1] 在馆    
3 0814981   208149813   第一借阅区/ [索取号:B256.5/51:1] 在馆    
唐山师范学院图书馆 欢迎您!
大连网信软件有限公司© 版权所有